The Israel-Palestine conflict : (Record no. 19119)
[ view plain ]
| 000 -LEADER | |
|---|---|
| fixed length control field | 01339cam a22003731i 4500 |
| 001 - CONTROL NUMBER | |
| control field | 016499206 |
| 003 - CONTROL NUMBER IDENTIFIER | |
| control field | EG-ScBUE |
| 005 - DATE AND TIME OF LATEST TRANSACTION | |
| control field | 20240528113644.0 |
| 008 - FIXED-LENGTH DATA ELEMENTS--GENERAL INFORMATION | |
| fixed length control field | 130807s2014 nyuabo f bd f001 0 eng d |
| 020 ## - INTERNATIONAL STANDARD BOOK NUMBER | |
| International Standard Book Number | 9781107613546 (pbk.) |
| 040 ## - CATALOGING SOURCE | |
| Original cataloging agency | StDuBDS |
| Language of cataloging | eng |
| Description conventions | rda |
| Transcribing agency | StDuBDS |
| Modifying agency | Uk |
| -- | EG-ScBUE |
| 043 ## - GEOGRAPHIC AREA CODE | |
| Geographic area code | a-is--- |
| -- | awgz--- |
| -- | awba--- |
| 082 04 - DEWEY DECIMAL CLASSIFICATION NUMBER | |
| Classification number | 956.9405 |
| Item number | GEL |
| Edition number | 22 |
| 100 1# - MAIN ENTRY--PERSONAL NAME | |
| Personal name | Gelvin, James L., |
| Dates associated with a name | 1951- |
| Relator term | author. |
| 9 (RLIN) | 29306 |
| 240 ## - UNIFORM TITLE | |
| Date of a work | |
| 245 14 - TITLE STATEMENT | |
| Title | The Israel-Palestine conflict : |
| Remainder of title | one hundred years of war / |
| Statement of responsibility, etc | James L. Gelvin. |
| 250 ## - EDITION STATEMENT | |
| Edition statement | Third edition. |
| 264 ## - PUBLICATION, DISTRIBUTION, ETC. (IMPRINT) | |
| Place of publication, distribution, etc | New York : |
| Name of publisher, distributor, etc | Cambridge University Press, |
| Date of publication, distribution, etc | 2014. |
| 300 ## - PHYSICAL DESCRIPTION | |
| Extent | x, 313 pages : |
| Other physical details | illustrations, maps, photographs ; |
| Dimensions | 23 cm |
| 336 ## - CONTENT TYPE | |
| Source | rdacontent |
| Content type term | text |
| Content type code | txt |
| 337 ## - MEDIA TYPE | |
| Media type term | unmediated |
| Source | rdamedia |
| Media type code | n |
| 338 ## - CARRIER TYPE | |
| Carrier type term | volume |
| Carrier type code | nc |
| Source | rdacarrier |
| 500 ## - GENERAL NOTE | |
| General note | Includes glossary.<br/> |
| 504 ## - BIBLIOGRAPHY, ETC. NOTE | |
| Bibliography, etc | Includes bibliographical references and index.<br/> |
| 650 #7 - SUBJECT ADDED ENTRY--TOPICAL TERM | |
| Topical term or geographic name as entry element | Arab-Israeli conflict. |
| Source of heading or term | BUEsh |
| 9 (RLIN) | 2523 |
| 650 #7 - SUBJECT ADDED ENTRY--TOPICAL TERM | |
| Topical term or geographic name as entry element | Jewish-Arab relations |
| General subdivision | History. |
| Source of heading or term | BUEsh |
| 9 (RLIN) | 37481 |
| 650 #7 - SUBJECT ADDED ENTRY--TOPICAL TERM | |
| Topical term or geographic name as entry element | Jewish nationalism |
| Geographic subdivision | Israel. |
| Source of heading or term | BUEsh |
| 9 (RLIN) | 29311 |
| 650 #7 - SUBJECT ADDED ENTRY--TOPICAL TERM | |
| Topical term or geographic name as entry element | Arab nationalism. |
| Source of heading or term | BUEsh |
| 9 (RLIN) | 37482 |
| 650 #7 - SUBJECT ADDED ENTRY--TOPICAL TERM | |
| Topical term or geographic name as entry element | Arab nationalism |
| 9 (RLIN) | 29312 |
| Geographic subdivision | Gaza Strip. |
| Source of heading or term | BUEsh |
| 650 #7 - SUBJECT ADDED ENTRY--TOPICAL TERM | |
| Topical term or geographic name as entry element | Arab nationalism |
| 9 (RLIN) | 29313 |
| Geographic subdivision | West Bank. |
| Source of heading or term | BUEsh |
| 653 ## - INDEX TERM--UNCONTROLLED | |
| Resource For college | BAEPS, Political Science |
| Arrived date list | March2015 |
| 655 ## - INDEX TERM--GENRE/FORM | |
| Form subdivision | Reading book |
| 9 (RLIN) | 33728 |
| 942 ## - ADDED ENTRY ELEMENTS (KOHA) | |
| Source of classification or shelving scheme | Dewey Decimal Classification |
| Koha item type | Book - Borrowing |
| Withdrawn status | Lost status | Source of classification or shelving scheme | Damaged status | Not for loan | Collection code | Home library | Current library | Shelving location | Date acquired | Source of acquisition | Total Checkouts | Full call number | Barcode | Date last seen | Price effective from | Koha item type | Total Renewals | Date checked out |
|---|---|---|---|---|---|---|---|---|---|---|---|---|---|---|---|---|---|---|
| Dewey Decimal Classification | Baccah | Central Library | Central Library | Second Floor | 25/03/2015 | Purchase | 956.9405 GEL | 000037794 | 15/07/2025 | 25/03/2015 | NB - Book (Non borrowing) | |||||||
| Dewey Decimal Classification | Baccah | Central Library | Central Library | Second Floor | 25/03/2015 | Purchase | 6 | 956.9405 GEL | 000037792 | 15/07/2025 | 25/03/2015 | Book - Borrowing | 34 | 24/10/2023 | ||||
| Dewey Decimal Classification | Baccah | Central Library | Central Library | Second Floor | 25/03/2015 | Purchase | 8 | 956.9405 GEL | 000037791 | 15/07/2025 | 25/03/2015 | Book - Borrowing | 97 | 01/05/2024 |